000
00336nam a2200145Ia 4500
008
230718s9999 xx 000 0 und d
041
_a
Eng.
082
_a
891.9391
_b
IFI-B
100
_a
ifitikar arif
245
0
_a
book dil dana
260
_a
Pakistan
_b
depal lahaore publisher
_c
2017
300
_a
585
650
_a
Law
999
_c
31703
_d
31703